00894nam a2200253 a 450000100100000000500170001000800410002702000150006804000250008304100390010808200180014710000280016524000310019324500700022426000380029430000210033253400400035365000310039365000350042470000330045904900090049295201220050199900170062300002151220200930011342.0100908s1999 ag 000 0 spa d a9500821281 aDO-SdBNPbspacBNPHU17aspaheng2Código de idiomas MARC a813.54bL626v1 aLescroart, John.94483110aThe mercy rule.lEspañol10aVeredicto final /cJohn Lescroart ; traducción Antonio Bonanno. aBuenos Aires :bAtlantida,c1999. a397 p. ;c23 cm. aTítulo original :tThe mercy rule 4aNovela estadounidense9262 4aLiteratura estadounidense92631 aBonanno, Antonio,etr.99085 aBNGR 001054708MOaGRbGRcCTd2010-09-08iLF1l0o813.54 L626vp21512-10r2020-06-25w2020-06-25y4ZPréstamo en sala c21012d21012